| 000 | 01353nam1a22003131 4500 | ||
|---|---|---|---|
| 001 | v19\rc\1639660 | ||
| 005 | 20251115135609.2 | ||
| 035 | _a(NLR Aleph) 005240437 | ||
| 090 |
_a5698569 _c5698569 |
||
| 100 | _a20061002g19001905|||y0rusy50 ca | ||
| 101 | 0 | _arus | |
| 102 | _aRU | ||
| 105 | _a z ||||| | ||
| 200 | 1 |
_aСборник материалов по Англо-Бурской войне в Южной Африке... 1899-1900 гг. _f[Под ред. Ген. штаба полк. Артамонова]. Вып. |
|
| 210 |
_aСанкт-Петербург _cВоен.-учен. ком. Глав. штаба _d1900-1905 |
||
| 215 | _d26 | ||
| 300 | _aПодзаг.: вып. 13-18: 1899-1901гг.; вып. 19-21: 1899-1902 гг. | ||
| 300 | _aРед. вып. 13-21: поручик Семенов | ||
| 702 | 1 |
_aАртамонов _bЛ. К. _f1859-1932 _gЛеонид Константинович _3RU\NLR\AUTH\770218435 _4340 |
|
| 702 | 1 |
_aСеменов _bВ. И. _gВиктор Иванович _4340 |
|
| 712 | 0 | 1 |
_aРоссия _bВоенно-ученый комитет _3RU\NLR\AUTH\889937393 |
| 801 | 0 |
_aRU _bNLR _c20061002 _gpsbo |
|
| 801 | 0 |
_aRU _bRuMoRGB _c20061002 _2psbo |
|
| 801 | 1 |
_aRU _bProSoft-M _c20061002 _2rusmarc |
|
| 801 | 2 |
_aRU _bNLR _c20090930 _2rusmarc |
|
| 852 |
_aNLR _y(1-15, 17-21) |
||
| 942 | _cBOOK | ||
| 980 | _aNB | ||